[Event "24th Panevezys Open"]
[Site "Panevezys LTU"]
[Date "2011.08.11"]
[Round "4.2"]
[White "Khamitskiy,S"]
[Black "Narmontas,M"]
[Result "0-1"]
[WhiteElo "2316"]
[BlackElo "2387"]

1.d4 d5 2.c4 c6 3.Nf3 Nf6 4.Nc3 a6 5.a4 e6 6.g3 Bd6 7.Bg2 O-O 8.O-O Nbd7
9.Qd3 dxc4 10.Qxc4 e5 11.Rd1 Qe7 12.a5 exd4 13.Qxd4 Bc5 14.Qc4 Re8 15.Bf4 Ng4
16.e3 Ndf6 17.h3 Nxf2 18.Kxf2 Bxe3+ 19.Kf1 Be6 20.Qa4 Bc5 21.Rac1 Nh5 22.Ne4 Nxf4
23.Nxc5 Bxh3 24.Re1 Bxg2+ 25.Kf2 Ne2 26.Kxg2 Qc7 27.Ne4 Nxc1 28.Rxc1 Re7
29.Rc2 Rae8 30.Nc3 Qd6 31.Qc4 h6 32.Rd2 Qf6 33.Rf2 Qe6 34.Qb4 Qd7 35.Rd2 Qc7
36.Rf2 Re3 37.Qc5 Qe7 38.Qh5 Qd6 39.Qg4 Qe6 40.Qf4 Qe7 41.Nd4 Re5 42.Nf5 Qg5
43.Nd6 R8e7 44.Qd4 Re1 45.Nf5 R7e5 46.Qd7 Qh5 47.Nh4 Re7 48.Qd8+ Re8 49.Qd7 R1e7
50.Qd4 g6 51.Qc4 Kg7 52.Nf3 Qxa5 53.Qd4+ Kg8 54.Qf4 Kg7 55.Qd4+ Kh7 56.Rf1 Qf5
57.Rf2 Qd7 58.Qh4 Kg7 59.Rd2 Qf5 60.Qd4+ Qf6 61.Qb6 Re3 62.Rf2 R8e7 63.Nh4 Qd6
64.Nf3 Rd3 65.Qb3 b5 66.Qa2 c5 67.Ne2 c4 68.Nf4 Rd1 69.Qa5 Re3 70.Nh3 g5
71.Nhg1 g4  0-1

[Event "e2e4 Int Masters C"]
[Site "Sunningdale ENG"]
[Date "2011.08.12"]
[Round "5"]
[White "Neelotpal,D"]
[Black "Jaunooby,A"]
[Result "1-0"]
[WhiteElo "2453"]
[BlackElo "2130"]

1.d4 d5 2.Nf3 Nf6 3.c4 c6 4.Nc3 a6 5.a4 e6 6.g3 Bd6 7.Bg2 O-O 8.O-O Nbd7
9.Nd2 Bc7 10.e4 c5 11.e5 Ne8 12.Nf3 cxd4 13.Qxd4 Bb6 14.Qd3 Nc5 15.Qe2 d4
16.Nxd4 Qxd4 17.Rd1 Nd3 18.Rxd3 Qxc4 19.a5 Bc7 20.f4 f6 21.Be3 fxe5 22.Ra4 Qb3
23.Bc5 Bxa5 24.Rxa5 exf4 25.Nd5  1-0

[Event "20th ZMDI Open A"]
[Site "Dresden GER"]
[Date "2011.08.13"]
[Round "8.21"]
[White "Wichmann,C"]
[Black "Lorscheid,G"]
[Result "1-0"]
[WhiteElo "2360"]
[BlackElo "2265"]

1.d4 d5 2.c4 c6 3.Nf3 Nf6 4.Nc3 a6 5.a4 e6 6.Bg5 Nbd7 7.e3 Qa5 8.cxd5 Nxd5
9.e4 Nxc3 10.bxc3 e5 11.Bd2 Bd6 12.Bd3 O-O 13.O-O Qc7 14.Rb1 c5 15.h3 Rd8
16.Bc4 Rf8 17.Qe2 cxd4 18.cxd4 exd4 19.Rfc1 Qd8 20.Nxd4 Ne5 21.Bd5 Ng6 22.Qf3 Rb8
23.Be3 Ne7 24.Bg5 h6 25.Bh4 Qd7 26.Bb3 Ng6 27.Bg3 Ne5 28.Qe2 Qe7 29.Rd1 Bc5
30.Qh5 Bd6 31.Kh1 Kh7 32.Nf5 Bxf5 33.exf5 f6 34.Re1 Qe8 35.Qd1 Qd8 36.Be6 Qc7
37.Rc1 Qd8 38.Qd5 Ba3 39.Rb1 Qxd5 40.Bxd5 b6 41.Bxe5 fxe5 42.Rxe5 Bc5 43.Re2 Rbd8
44.Bb3 Kh8 45.g4 Rd4 46.Rd1 Rxd1+ 47.Bxd1 Rd8 48.Bb3 b5 49.Kg2 bxa4 50.Bxa4 Kg8
51.Rc2 Bd6 52.Rc6 a5 53.Ra6 Bb4 54.Bb3+ Kf8 55.f6 g5 56.Ra7 Bc3 57.Rh7  1-0

[Event "Stare Mesto FIDE Open"]
[Site "Stare Mesto CZE"]
[Date "2011.08.14"]
[Round "3.9"]
[White "Cerveny,M"]
[Black "Karhanek,P"]
[Result "1-0"]
[WhiteElo "2347"]
[BlackElo "2119"]

1.d4 d5 2.c4 c6 3.Nf3 Nf6 4.Nc3 a6 5.c5 Bf5 6.Qb3 Qc8 7.Na4 Nbd7 8.Ne5 h6
9.h3 e6 10.g4 Bh7 11.Bg2 Be7 12.O-O Bd8 13.Bf4 O-O 14.f3 Bc7 15.Nb6 Nxb6
16.cxb6 Bxe5 17.Bxe5 Ne8 18.e4 Qd7 19.Qb4 Rd8 20.Rad1 Nd6 21.Rfe1 dxe4 22.fxe4 Nc8
23.d5 Ne7 24.Bc7 Rde8 25.dxc6 Qxc6 26.Rc1 Qb5 27.Qxb5 axb5 28.Bd6  1-0

[Event "CECLUB Div2 Gp2"]
[Site "Totana ESP"]
[Date "2011.08.14"]
[Round "6"]
[White "Rubio Mejia,L"]
[Black "Pallardo Lozoya,J"]
[Result "0-1"]
[WhiteElo "2417"]
[BlackElo "2368"]

1.Nf3 d5 2.d4 Nf6 3.c4 c6 4.Nc3 a6 5.e3 b5 6.c5 g6 7.Bd3 Bg7 8.h3 Nbd7 9.O-O O-O
10.Re1 Qc7 11.e4 dxe4 12.Bxe4 Rd8 13.Qe2 Nf8 14.Bc2 Be6 15.Bg5 h6 16.Bh4 Nh5
17.Rad1 Rd7 18.Ne5 Bxe5 19.dxe5 Rad8 20.Qe3 Kh7 21.g4 Ng7 22.Bg3 Rxd1 23.Rxd1 Rxd1+
24.Bxd1 Qa5 25.Bh4 g5 26.Bg3 b4 27.Na4 Ng6 28.b3 Bd5 29.Bc2 Ne6 30.Bd3 Kg7
31.Bf1 Ngf4 32.h4 Ng6 33.h5 Ngf4 34.f3 f6 35.Bf2 Qc7 36.exf6+ Kxf6 37.Nb6 a5
38.Nc4 Bxc4 39.Bxc4 Qe5 40.Qxe5+ Kxe5 41.Be3 Nd5 42.Bd2 Nxc5 43.Kf2 Ne6 44.Bc1 Nef4
45.Bb2+ Nc3 46.Ke3 Kd6 47.Kd2 Kc5 48.a3 Ng2 49.axb4+ axb4 50.Be2 Kd4 51.Bd3 Nf4
52.Be4 c5 53.Bc6 Nd3 54.Ba1 e6 55.Bd7 Ne5 56.Bxe6 Nxf3+ 57.Kc2 Ke5 58.Bc4 Kd4
59.Ba6 Ne5 60.Bc8 Nf7 61.Bb2 Nd6 62.Bd7 Ne4 63.Bc1 Nd5 64.Bb2+ Nec3 65.Be6 Ke4
66.Kd2 Kf4 67.Bxd5 Nxd5 68.Bg7 Kxg4 69.Bf8 Nf6 70.Be7 Nd7 71.Ke3  0-1

[Event "24th Panevezys Open"]
[Site "Panevezys LTU"]
[Date "2011.08.15"]
[Round "9"]
[White "Stalemekas,E"]
[Black "Narmontas,M"]
[Result "1/2-1/2"]
[WhiteElo "2131"]
[BlackElo "2387"]

1.d4 d5 2.c4 c6 3.Nf3 Nf6 4.Nc3 a6 5.e3 b5 6.b3 Bg4 7.Be2 e6 8.Bb2 Bd6 9.Ne5 Bxe2
10.Qxe2 O-O 11.f4 b4 12.Nd1 Bxe5 13.fxe5 Ne4 14.O-O f6 15.exf6 Rxf6 16.Rxf6 Qxf6
17.a3 bxa3 18.Rxa3 Ra7 19.Nc3 Nxc3 20.Bxc3 Rf7 21.Be1 Qf5 22.Ra1 h6 23.Bg3 Nd7
24.Rxa6 Qb1+ 25.Be1 Nf6 26.h3 Ne4 27.Kh2 Qxb3 28.Rxc6 Qb8+ 29.Kg1 Qb1 30.Kh2 Qb8+
31.Kg1 Qb1 32.Kh2 Qb8+ 33.Kg1 Qb1 34.Rc8+ Kh7 35.Kh2  1/2-1/2

[Event "26th Universiade Women"]
[Site "Shenzhen CHN"]
[Date "2011.08.15"]
[Round "1.2"]
[White "Shen Yang"]
[Black "Toro Pradenas,M"]
[Result "1-0"]
[WhiteElo "2459"]
[BlackElo "2003"]

1.d4 d5 2.Nf3 Nf6 3.c4 c6 4.Nc3 a6 5.e3 b5 6.b3 Bg4 7.h3 Bh5 8.g4 Bg6 9.Ne5 e6
10.h4 Bb4 11.Bd2 Bxc3 12.Bxc3 Ne4 13.Bb4 f6 14.Nd3 a5 15.Ba3 b4 16.Bb2 O-O
17.Rc1 Qe7 18.Qc2 Nd7 19.Nf4 Bf7 20.Bd3 f5 21.cxd5 cxd5 22.gxf5 exf5 23.Be2 Nd6
24.Bf3 Rfc8 25.Nxd5 Qd8 26.Qd3 Rxc1+ 27.Bxc1 Rc8 28.Bb2 Nf6 29.Nxf6+ Qxf6
30.Rg1 Qxh4 31.d5 Bg6 32.a3 Ne4 33.Bxe4 Qxe4 34.Qxe4 fxe4 35.axb4 axb4 36.Rg5 Kf7
37.d6 Ke6 38.Rb5 Kxd6 39.Bxg7 Rc1+ 40.Kd2 Rf1 41.Ke2 Rc1 42.Be5+ Kc6 43.Rxb4 Kc5
44.Rb7 Rc2+ 45.Ke1 Kd5 46.Bg3 Rc6 47.Kd2  1-0

[Event "26th Universiade Men"]
[Site "Shenzhen CHN"]
[Date "2011.08.16"]
[Round "3.27"]
[White "Purnama,T"]
[Black "Herath,N"]
[Result "1-0"]
[WhiteElo "2379"]
[BlackElo "1975"]

1.d4 d5 2.Nf3 Nf6 3.c4 c6 4.Nc3 a6 5.a4 e6 6.a5 c5 7.cxd5 Nxd5 8.e4 cxd4
9.exd5 dxc3 10.Bc4 Be7 11.O-O exd5 12.Bxd5 O-O 13.Qb3 Qc7 14.bxc3 Nc6 15.Qb6 Bd8
16.Ba3 Re8 17.Ng5 Be6 18.Nxe6 fxe6 19.Rae1 Qd7 20.Rxe6 Rxe6 21.Qb3 Kh8 22.Bxe6 Qc7
23.Re1 Bf6 24.Bf5 Nxa5 25.Qe6 Qc4 26.Qd7 Qc6 27.Qd3 Qxc3 28.Rd1 Qxd3 29.Rxd3 Rd8
30.Rxd8+ Bxd8 31.Bc8 g6 32.Bb2+ Kg8 33.Bc3 Kf7 34.Kf1 Ke7 35.Bb4+ Kf6 36.Ke2 Ke5
37.Kd3 g5 38.f3 h5 39.g3 h4 40.f4+ gxf4 41.gxh4 Nc6 42.Bc3+ Kd6 43.h5 Ne5+
44.Ke4 Nf7 45.Bxb7 a5 46.Kxf4 a4 47.Kf5 Ke7 48.Kg6 Kf8 49.Bd5 Ng5 50.Bb4+ Ke8
51.Bc6+  1-0

[Event "Metalmex Open"]
[Site "Liberec CZE"]
[Date "2011.08.17"]
[Round "5.6"]
[White "Kucera,P3"]
[Black "Kaderabek,J"]
[Result "0-1"]
[WhiteElo "2181"]
[BlackElo "2205"]

1.d4 d5 2.Nf3 Nf6 3.c4 c6 4.Nc3 a6 5.a4 e6 6.e3 c5 7.Bd3 Nc6 8.O-O Be7 9.h3 O-O
10.cxd5 exd5 11.Ne5 Qc7 12.Nxc6 bxc6 13.dxc5 Bxc5 14.Qc2 Bb7 15.Ne2 Bd6 16.b3 Be5
17.Rb1 h6 18.Ba3 Rfe8 19.Rfc1 a5 20.Nd4 Bxd4 21.exd4 Qf4 22.Rd1 Ne4 23.Bc1 Qf6
24.Be3 c5 25.Bxe4 Rxe4 26.Qxc5 Rc8 27.Qxa5 Qf5 28.Rbc1 Rce8 29.Qc7 Ba6 30.Qg3 R8e6
31.Kh2 Kh7 32.Rg1 Rg6 33.Qc7 Rh4 34.Rc6 Rxg2+  0-1

[Event "Metalmex Open"]
[Site "Liberec CZE"]
[Date "2011.08.19"]
[Round "7.10"]
[White "Snorek,M"]
[Black "Tejkal,J"]
[Result "1-0"]
[WhiteElo "2118"]
[BlackElo "1936"]

1.d4 d5 2.Nf3 Nf6 3.c4 c6 4.Nc3 a6 5.c5 g6 6.Bf4 Bg7 7.e3 Nbd7 8.Bd3 O-O
9.O-O Ne8 10.h4 e5 11.dxe5 Nxc5 12.b4 Nxd3 13.Qxd3 Bf5 14.Qe2 Bg4 15.Rfd1 f6
16.e4 fxe5 17.Bg5 Qc8 18.Rac1 Bxf3 19.gxf3 Qh3 20.exd5 cxd5 21.Nxd5 Rxf3
22.Qc4 Kh8 23.Ne3 h6 24.Be7 Rf4 25.Qf1 Qe6 26.Bd8 Nd6 27.Bc7 Ne4 28.Qg2 Nxf2
29.Rd6 Qf7 30.Rxg6 Rc8 31.Rxg7 Qe6 32.Rg6 Rf6 33.Rxh6+ Rxh6 34.Bxe5+  1-0

[Event "26th Universiade Men"]
[Site "Shenzhen CHN"]
[Date "2011.08.19"]
[Round "8"]
[White "Vovk,Y"]
[Black "Braun,A"]
[Result "1-0"]
[WhiteElo "2564"]
[BlackElo "2554"]

1.d4 d5 2.c4 c6 3.Nf3 Nf6 4.Nc3 a6 5.cxd5 cxd5 6.Bg5 Ne4 7.Bh4 Nc6 8.e3 Qa5
9.Qb3 Qb4 10.Bd3 Bf5 11.Ke2 Nxc3+ 12.bxc3 Bxd3+ 13.Kxd3 Qd6 14.Rhb1 f6 15.Bg3 e5
16.Qxb7 Rb8 17.dxe5 fxe5 18.Qxc6+ Qxc6 19.Rxb8+ Ke7 20.Nxe5 Qa4 21.Rb4 Qa3
22.Rab1 Ke6 23.Rb6+ Bd6 24.Nd7 Rc8 25.Rxd6+ Ke7 26.Be5 d4 27.Rb7 Qxc3+ 28.Ke4 Qc2+
29.Kf3 Qf5+ 30.Bf4 Ke8 31.Rxd4 g5 32.g4 Qf7 33.Re4+ Kd8 34.Nc5  1-0

[Event "72nd ch-ARM 1st League"]
[Site "Kajaran ARM"]
[Date "2011.08.21"]
[Round "4"]
[White "Hayrapetian,O"]
[Black "Simonian,H"]
[Result "1/2-1/2"]
[WhiteElo "2406"]
[BlackElo "2461"]

1.d4 d5 2.c4 c6 3.Nf3 Nf6 4.Nc3 a6 5.e3 b5 6.c5 Nbd7 7.a3 g6 8.b4 Bg7 9.a4 Bb7
10.Bb2 O-O 11.Bd3 Qc7 12.O-O e5 13.Nxe5 Nxe5 14.dxe5 Qxe5 15.axb5 axb5 16.Na4 Qc7
17.Nb6 Rxa1 18.Bxa1 Bc8 19.h3 Be6  1/2-1/2

[Event "47th Rubinstein Mem GpA"]
[Site "Polanica Zdroj POL"]
[Date "2011.08.21"]
[Round "2"]
[White "Sieciechowicz,M"]
[Black "Stoma,P"]
[Result "1-0"]
[WhiteElo "2454"]
[BlackElo "2322"]

1.d4 d5 2.c4 c6 3.Nf3 Nf6 4.Nc3 a6 5.c5 Bf5 6.Bf4 Nbd7 7.e3 Nh5 8.Be5 f6
9.Bg3 g6 10.Bd3 Bxd3 11.Qxd3 e5 12.Nd2 e4 13.Qc2 Nxg3 14.hxg3 f5 15.Ne2 Bg7
16.Nf4 Qe7 17.O-O-O O-O 18.Rde1 Rfb8 19.g4 fxg4 20.f3 Nf6 21.fxe4 Nxe4 22.Nxe4 Qxe4
23.Qxe4 dxe4 24.Ne6 h5 25.Rhf1 b5 26.cxb6 Rxb6 27.Rf4 Re8 28.Nc5 Rbb8 29.Kc2 Rf8
30.Rxf8+ Rxf8 31.Nxe4 Kh7 32.Kd3 Kh6 33.g3 Rf3 34.Ke2 c5 35.d5 Bxb2 36.d6 c4
37.d7 Rf8 38.Nd6 c3 39.Ne8 c2 40.d8=Q c1=Q 41.Rxc1 Bxc1 42.Qc7 Ba3 43.Nd6 Rf6
44.Nf7+ Kg7 45.Ne5+ Kh6 46.Nc4  1-0

[Event "Trade Fair Open A"]
[Site "Brno CZE"]
[Date "2011.08.24"]
[Round "5"]
[White "Hosek,Ma"]
[Black "Richterova,Natasa"]
[Result "0-1"]
[WhiteElo "1978"]
[BlackElo "1691"]

1.d4 d5 2.c4 c6 3.Nc3 a6 4.Nf3 Nf6 5.c5 Nbd7 6.h3 Qc7 7.g3 e5 8.dxe5 Nxe5
9.Nxe5 Qxe5 10.Bf4 Qf5 11.Qd4 Be7 12.e3 O-O 13.Bd3 Qe6 14.g4 Nd7 15.Na4 Bf6
16.Qb4 g6 17.O-O-O a5 18.Qd2 d4 19.Qc2 Ne5 20.Kb1 Nxd3 21.Qxd3 dxe3 22.Rhe1 Rd8
23.Qc2 Rxd1+ 24.Qxd1 Qe4+ 25.Qc2 Qxf4 26.fxe3 Qe5 27.Nb6 Rb8 28.e4 Be6 29.Rd1 Rd8  0-1

[Event "BDO Challengers"]
[Site "Haarlem NED"]
[Date "2011.08.24"]
[Round "5.1"]
[White "Brown,An"]
[Black "Gijswijt,B"]
[Result "1-0"]
[WhiteElo "2202"]
[BlackElo "2341"]

1.d4 d5 2.c4 c6 3.Nf3 Nf6 4.Nc3 a6 5.a4 e6 6.Bg5 Nbd7 7.e3 Qa5 8.Nd2 Bb4
9.Qc2 dxc4 10.Bxf6 Nxf6 11.Nxc4 Qc7 12.a5 O-O 13.Bd3 c5 14.dxc5 Qxc5 15.O-O Bd7
16.Ne4 Nxe4 17.Bxe4 Bb5 18.b3 Rac8 19.Bxh7+ Kh8 20.Be4 Bxc4 21.bxc4 Bxa5
22.Bxb7 Rc7 23.Bxa6 Ra8 24.Rfd1 Qb6 25.Qe4 Qxa6 26.Qh4+ Kg8 27.Rd8+ Rxd8
28.Qxd8+ Kh7 29.Qxc7  1-0

[Event "ch-FRA National B"]
[Site "Caen FRA"]
[Date "2011.08.26"]
[Round "11"]
[White "Cossin,S"]
[Black "Wirig,A"]
[Result "1/2-1/2"]
[WhiteElo "2502"]
[BlackElo "2510"]

1.d4 d5 2.c4 c6 3.Nf3 Nf6 4.Nc3 a6 5.cxd5 cxd5 6.Bf4 Nc6 7.e3 Bf5 8.Bd3 Bxd3
9.Qxd3 e6 10.O-O Bd6 11.Bxd6 Qxd6 12.a3 O-O 13.Rfc1 Rfc8 14.Ne2 Ne7 15.Rxc8+ Rxc8
16.Rc1 Rxc1+ 17.Nxc1  1/2-1/2

[Event "72nd ch-ARM 1st League"]
[Site "Kajaran ARM"]
[Date "2011.08.26"]
[Round "8"]
[White "Babujian,L"]
[Black "Petrosyan,T1"]
[Result "1-0"]
[WhiteElo "2468"]
[BlackElo "2244"]

1.d4 d5 2.c4 c6 3.Nc3 Nf6 4.Nf3 a6 5.c5 Nbd7 6.Bf4 Nh5 7.e3 Nxf4 8.exf4 b6
9.b4 g6 10.Bd3 Bg7 11.Rc1 O-O 12.O-O a5 13.b5 Bb7 14.Na4 Rc8 15.Qb3 bxc5
16.dxc5 e5 17.fxe5 Nxe5 18.Nxe5 Bxe5 19.Nb6 Rb8 20.bxc6 Bxc6 21.Bb5 Bxb5
22.Qxb5 Bc7 23.Rb1 Re8 24.Qc6 Bxb6 25.cxb6 Re6 26.Qc7 Qd6 27.Qa7 Rxb6 28.Rxb6 Qxb6
29.Qa8+ Kg7 30.Qxd5 Re2 31.h4 h5 32.a3 Qc7 33.Rd1 Qf4 34.Qd4+ Qxd4 35.Rxd4 Re1+
36.Kh2 Kf6 37.Kg3 Re5 38.Kf4 Rb5 39.Rd6+ Ke7 40.Rd3 Rb2 41.Rf3 f6 42.Ke4 Rd2
43.Ke3 Rd5 44.Rf4 Ke6 45.Rc4 Ke5 46.a4 Rd1 47.Rc5+ Rd5 48.Rc6 Kf5 49.Rb6 Ke5
50.f3 Kf5 51.g3 g5 52.hxg5 fxg5 53.Rh6 Rd1 54.Rxh5 Kg6 55.Rh8 Ra1 56.Rg8+ Kf6
57.Rf8+ Kg6 58.f4 Ra3+ 59.Kf2 g4 60.Rg8+ Kf5 61.Rg5+ Ke4 62.Rxg4 Ra2+ 63.Kg1 Kf3
64.Rg8 Rxa4 65.f5 Ra1+ 66.Kh2 Rf1 67.g4  1-0

[Event "3rd Senica Open"]
[Site "Senica SVK"]
[Date "2011.08.27"]
[Round "8.4"]
[White "Dmitrenko,V"]
[Black "Sosovicka,J"]
[Result "1-0"]
[WhiteElo "2353"]
[BlackElo "2175"]

1.Nf3 d5 2.d4 Nf6 3.c4 c6 4.Nc3 a6 5.Ne5 Nbd7 6.g3 dxc4 7.Nxc4 b5 8.Ne5 Bb7
9.Bg2 Nxe5 10.dxe5 Qxd1+ 11.Nxd1 Nd5 12.Ne3 e6 13.Nxd5 exd5 14.Bd2 Be7 15.Rc1 c5
16.Be3 Rc8 17.O-O O-O 18.Rfd1 Rfd8 19.Rd3 c4 20.Rdd1 f5 21.Bb6 Rd7 22.e4 Bg5
23.f4 Bd8 24.Bf2 d4 25.Rxd4 Rxd4 26.Bxd4 fxe4 27.Bh3 Rc6 28.Rd1 Bc8 29.Bxc8 Rxc8
30.Kf2 Kf7 31.Ke3 h5 32.Kxe4 g6 33.Bc3 Be7 34.a3 Rc6 35.h3 Bc5 36.Rd7+ Ke8
37.Rh7 Bf2 38.g4 hxg4 39.hxg4 Bg3 40.Kd5 Rc8 41.Rh8+ Kd7 42.e6+ Kc7 43.Be5+  1-0

[Event "10th Sunny Beach Open"]
[Site "Sunny Beach BUL"]
[Date "2011.08.27"]
[Round "1.38"]
[White "Hristov,N"]
[Black "Meyer,Fa"]
[Result "1/2-1/2"]
[WhiteElo "1913"]
[BlackElo "2300"]

1.d4 d5 2.c4 c6 3.Nc3 Nf6 4.Nf3 a6 5.c5 Bf5 6.Bf4 Nbd7 7.e3 Nh5 8.Nh4 Bg6
9.Bg3 e6 10.Nf3 Nxg3 11.hxg3 e5 12.b4 Qc7 13.a4 Be7 14.Be2 h6 15.O-O O-O
16.Qb3 Bf6 17.b5 Qa5 18.Rac1 axb5 19.axb5 exd4 20.exd4 Rfe8 21.Rfe1 Qa3 22.Qxa3 Rxa3
23.bxc6 bxc6 24.Nb1 Ra4 25.Nc3 Rb4 26.Bf1 Rxe1 27.Rxe1 Kf8 28.Ra1 Bxd4 29.Ra8+ Ke7
30.Na2 Rb1 31.Nxd4 Bd3 32.Nxc6+ Kf6 33.Nab4 Rxf1+ 34.Kh2 Be4 35.Rd8 Nxc5
36.Nxd5+ Bxd5 37.Rxd5 Ne6 38.f3 g6 39.Ne5 h5 40.Nd7+ Ke7  1/2-1/2

[Event "TCh-SUI 2011"]
[Site "Switzerland SUI"]
[Date "2011.08.27"]
[Round "6.5"]
[White "Buss,Ra"]
[Black "Kuehn,Pe1"]
[Result "1/2-1/2"]
[WhiteElo "2414"]
[BlackElo "2412"]

1.Nf3 d5 2.d4 Nf6 3.c4 c6 4.Nc3 a6 5.cxd5 cxd5 6.Bf4 Nc6 7.Rc1 Bf5 8.e3 Rc8
9.Be2 e6 10.O-O Bd6 11.Bxd6 Qxd6 12.Na4 Nd7 13.Qb3 Rc7 14.Nc5 Nxc5 15.Rxc5 O-O
16.Rfc1 Bg4 17.Qb6 Bxf3 18.Bxf3 Rd7 19.Bd1 Rb8 20.Qb3 Rdd8 21.Qc3 Kf8 22.h3 Rbc8
23.b4 g6 24.Be2 Ne7 25.Qb2 Rc6 26.a3 Rdc8 27.R1c2 Qd8 28.Qc1 Qb6 29.Bd3 Qd8
30.R2c3 Kg7 31.Rxc6 Rxc6 32.Rxc6 Nxc6 33.Bxa6 Nxd4 34.exd4 bxa6 35.a4 Qd7
36.Qc2 Kf6 37.Qb3 Ke7 38.b5 axb5 39.axb5 Kd8 40.Qb4 Kc7 41.Qc5+ Kb7 42.Kf1 f6
43.f4 e5 44.dxe5 fxe5 45.fxe5 Qf5+ 46.Kg1 Qxe5 47.Qc6+  1/2-1/2

[Event "10th Sunny Beach Open"]
[Site "Sunny Beach BUL"]
[Date "2011.08.29"]
[Round "3.31"]
[White "Radulov,I"]
[Black "Kirchev,K"]
[Result "1-0"]
[WhiteElo "2288"]
[BlackElo "2058"]

1.Nf3 d5 2.d4 Nf6 3.c4 c6 4.Nc3 a6 5.b3 b5 6.e3 Bg4 7.Be2 e6 8.O-O Bd6 9.Bb2 Nbd7
10.Re1 O-O 11.Nd2 Bxe2 12.Nxe2 Qc7 13.h3 Rfd8 14.Qc2 Qa5 15.a3 Rac8 16.c5 Bb8
17.f4 Qc7 18.Bc3 a5 19.Nc1 g5 20.Nd3 gxf4 21.exf4 Nh5 22.Rf1 Nf8 23.Qd1 Nf6
24.Ne5 Ng6 25.Qe2 Re8 26.Rae1 a4 27.bxa4 bxa4 28.Qd3 Nd7 29.f5 Ndxe5 30.dxe5 exf5
31.Qxf5 Re6 32.Nf3 h6 33.Qh5 Nf4 34.Qg4+ Ng6 35.Nd4 Rce8 36.Nxe6 Rxe6 37.h4 h5
38.Qxh5 Qe7 39.Bd4 Qxh4 40.Qxh4 Nxh4 41.Rf6 Ng6 42.Rxe6 fxe6 43.Rb1 Bxe5
44.Bxe5 Nxe5 45.Re1  1-0

[Event "10th Sunny Beach Open"]
[Site "Sunny Beach BUL"]
[Date "2011.08.29"]
[Round "3.15"]
[White "Filip,L"]
[Black "Meyer,Fa"]
[Result "1-0"]
[WhiteElo "2469"]
[BlackElo "2300"]

1.Nf3 Nf6 2.c4 c6 3.d4 d5 4.Nc3 a6 5.e3 b5 6.c5 Bg4 7.Qb3 Bxf3 8.gxf3 e5
9.a4 Nbd7 10.Qa3 Rc8 11.Bd2 exd4 12.exd4 Be7 13.axb5 axb5 14.Qa5 O-O 15.Qxd8 Rfxd8
16.Bh3 Ra8 17.O-O Kf8 18.Na2 g5 19.Nb4 g4 20.fxg4 Ne4 21.Bh6+ Ke8 22.Nxc6 Bh4
23.Be3 Rxa1 24.Rxa1 Rc8 25.Nb4 Ng5 26.Bg2 Nf6 27.h3 Rd8 28.f4 Ne6 29.g5 Nh5
30.Nxd5 Bg3 31.Rf1 f6 32.Bf3 Kf8 33.Bxh5 Rxd5 34.Kg2 Bh4 35.Bf3  1-0

[Event "10th Sunny Beach Open"]
[Site "Sunny Beach BUL"]
[Date "2011.08.30"]
[Round "4.3"]
[White "Enchev,I"]
[Black "Dimitrov,R"]
[Result "1/2-1/2"]
[WhiteElo "2435"]
[BlackElo "2436"]

1.d4 d5 2.Nf3 Nf6 3.c4 c6 4.Nc3 a6 5.c5 Bf5 6.Bf4 e6 7.e3 Nbd7 8.Be2 Be7
9.O-O O-O 10.b4 Ne4 11.Nxe4 dxe4 12.Nd2 Nf6 13.Bg3 Nd5 14.Nc4 g5 15.Qd2 Bg6
16.f3 Nf6 17.Be5 exf3 18.gxf3 Nd5 19.e4 Nf4 20.Bxf4 gxf4 21.Rad1 Bg5 22.e5 Bh6
23.Nd6 b5 24.Kh1 Qc7 25.Bd3 a5 26.a3 axb4 27.axb4 Ra4 28.Bxg6 hxg6 29.Rg1 Rfa8
30.Ne4 Ra2 31.Nf6+ Kf8 32.Qe1 Rb2 33.Qh4 Kg7 34.Ng4 Rh8 35.Qf6+ Kg8 36.Ra1 Qb8
37.Rg2 Rxb4 38.Qe7 Qf8 39.Nf6+ Kg7 40.Nh5+ Kh7 41.Nf6+ Kg7 42.Qd7 g5 43.Rag1 Kg6
44.h4 Rb3 45.Qxc6 Qa8 46.Rxg5+ Bxg5 47.Rxg5+ Kh6 48.Ng4+ Kh7 49.Rh5+ Kg7
50.Rg5+ Kh7 51.Nf6+ Kh6 52.Rh5+ Kg6 53.Rg5+ Kh6 54.Ng4+ Kh7 55.Nf6+  1/2-1/2

[Event "10th Sunny Beach Open"]
[Site "Sunny Beach BUL"]
[Date "2011.08.31"]
[Round "5.26"]
[White "Todorov,O"]
[Black "Gohla,U"]
[Result "1-0"]
[WhiteElo "2308"]
[BlackElo "2182"]

1.d4 d5 2.Nf3 Nf6 3.c4 c6 4.Nc3 a6 5.a4 Bf5 6.Qb3 Ra7 7.g3 e6 8.Bg2 Nbd7
9.O-O Bd6 10.Nh4 Bg6 11.Nxg6 hxg6 12.e4 Nxe4 13.Nxe4 dxe4 14.Bxe4 O-O 15.Be3 c5
16.Rfd1 Qc7 17.a5 Rc8 18.Bf3 b5 19.cxb5 axb5 20.Qxb5 Rb8 21.Qe2 Be7 22.a6  1-0

[Event "10th Sunny Beach Open"]
[Site "Sunny Beach BUL"]
[Date "2011.09.02"]
[Round "7.12"]
[White "Drenchev,P"]
[Black "Vojtek,V"]
[Result "1-0"]
[WhiteElo "2523"]
[BlackElo "2298"]

1.d4 d5 2.c4 c6 3.Nf3 Nf6 4.Nc3 a6 5.e3 b5 6.b3 Bg4 7.h3 Bxf3 8.Qxf3 e6 9.Bd2 Bb4
10.Bd3 Qa5 11.Rc1 Bxc3 12.Bxc3 b4 13.Bd2 Qxa2 14.Ke2 Qa5 15.Qg3 O-O 16.Qd6 Re8
17.Bxb4 Qb6 18.Ra1 Nbd7 19.Ba5 Qb7 20.Qc7 Reb8 21.Rhb1 Ne4 22.Qxb7 Rxb7 23.f3 Nd6
24.Be1 Rba7 25.Ra3 a5 26.c5 Nb7 27.Rba1 e5 28.b4 a4 29.b5 cxb5 30.Bxb5 Ndxc5
31.dxc5 Nxc5 32.Bc6 Rb8 33.Bxd5 Rb2+ 34.Kf1 Kf8 35.Bc3 Rc2 36.Bxe5 Rd7 37.e4 Nb3
38.R1a2 Nd2+ 39.Ke1  1-0

[Event "TCh-SRB Premier Women"]
[Site "Valjevo SRB"]
[Date "2011.09.02"]
[Round "7.6"]
[White "Manakova,M"]
[Black "Foisor,C"]
[Result "1/2-1/2"]
[WhiteElo "2314"]
[BlackElo "2427"]

1.d4 d5 2.c4 c6 3.Nf3 Nf6 4.Nc3 a6 5.e3 b5 6.cxd5 cxd5 7.Ne5 e6 8.Bd3 Be7
9.O-O Bb7 10.f4 Nbd7 11.Qf3 O-O 12.f5 Bd6 13.Nxf7 Rxf7 14.fxe6 Rf8 15.exd7 Qxd7
16.Bf5 Qe7 17.Qe2 g6 18.Bd3 b4 19.Nd1 Ne4 20.Bxe4 Qxe4 21.Rf3 a5 22.Nf2 Qe6
23.Bd2 Ba6 24.Rxf8+ Rxf8 25.Qg4 Qf6 26.Be1 Qe7 27.Bd2 Bc8 28.Qe2 Qh4 29.Nh3 Bxh3
30.gxh3 Qxh3 31.Qg2 Qxg2+ 32.Kxg2 Bxh2 33.a3 Bd6 34.axb4 axb4 35.Ra6 Be7
36.Ra7 Rc8 37.Kf3 Rc2 38.Ke2 Bf8 39.Kd1 Rc6 40.Ra8 Rb6 41.e4 Kf7 42.Ra7+ Ke6
43.exd5+ Kxd5 44.Rxh7 Kxd4 45.b3 Ke5 46.Rf7 Bc5 47.Ke2 Ke6 48.Rc7 Be7 49.Kf3 Rb5
50.Rc4 Kd5 51.Kg4 Rb8 52.Rc7 Bc5 53.Rd7+ Ke4 54.Rc7 Rb5 55.Rc6 Kd3 56.Bg5 Bf2
57.Rxg6 Be1 58.Bd8 Kc2 59.Rb6 Rd5 60.Be7 Kxb3 61.Kf3 Bc3 62.Rb7 Re5 63.Kf4 Re6
64.Kf5 Re1 65.Kf4 Kc4 66.Rc7+ Kd3 67.Rb7 Re4+ 68.Kf5 Rc4 69.Bd6 Kc2 70.Bxb4 Bxb4
71.Rd7 Bc3 72.Rd5 Bd4 73.Ke4 Kc3 74.Kf5 Rc8 75.Rd7 Kd3 76.Re7 Rf8+ 77.Kg4 Be3
78.Re6 Ke2 79.Re5 Rf7 80.Re6 Kf2 81.Re4 Ke2 82.Rc4 Kd3 83.Ra4 Bd4 84.Ra6 Ke4
85.Re6+ Be5 86.Rg6 Rf2 87.Kh5 Bf4 88.Kg4 Rh2 89.Re6+ Be5 90.Rg6 Rh8 91.Rg5 Bf6
92.Rg6 Rf8 93.Kg3 Kf5 94.Rh6 Kg5 95.Rh7 Be5+ 96.Kg2 Kg4 97.Re7 Bf4 98.Re2 Ra8
99.Kf1 Ra1+ 100.Kg2 Ra3 101.Kf1 Be3 102.Kg2 Kf4 103.Rc2 Bd4 104.Kf1 Rf3+
105.Ke2 Ke4 106.Kd1 Rf1+ 107.Ke2 Rh1 108.Kd2 Rh3 109.Ke2 Bc3 110.Kd1 Kd4
111.Ke2 Rh1 112.Kf3 Rh8 113.Re2 Kd5 114.Re7 Be5 115.Rd7+ Bd6 116.Rf7 Rh3+
117.Kg2 Rg3+ 118.Kf2 Rb3 119.Rd7 Ke5 120.Ke2 Bc5  1/2-1/2

[Event "VII Ugra Governor's Cup"]
[Site "Khanty-Mansiysk RUS"]
[Date "2011.09.03"]
[Round "4"]
[White "Matlakov,M"]
[Black "Iskusnyh,S"]
[Result "1-0"]
[WhiteElo "2632"]
[BlackElo "2455"]

1.d4 d5 2.c4 c6 3.Nf3 Nf6 4.Nc3 a6 5.e3 e6 6.b3 Bb4 7.Bd2 Nbd7 8.Bd3 O-O
9.O-O Bd6 10.Re1 h6 11.e4 dxc4 12.bxc4 e5 13.c5 Bc7 14.Na4 exd4 15.h3 Re8
16.Rc1 Nh7 17.Bb1 Ng5 18.Nxd4 Nf6 19.Bxg5 hxg5 20.Nb6 Rb8 21.Qd3 g4 22.Nxc8 Rxc8
23.Rcd1 Qe7 24.hxg4 Qxc5 25.Qh3 Qg5 26.e5 Bxe5 27.Nf3 Qxg4 28.Qxg4 Nxg4 29.Bf5 Nxf2
30.Kxf2 Bc3 31.Rxe8+ Rxe8 32.Rd7 b5 33.Rc7 b4 34.Bc2 Kf8 35.Bb3 Re7 36.Rc8+ Re8
37.Rxc6 a5 38.Ra6  1-0

[Event "133rd ch-New York State"]
[Site "Colonie USA"]
[Date "2011.09.05"]
[Round "6"]
[White "Ostrovskiy,Al"]
[Black "Aaron,D"]
[Result "1-0"]
[WhiteElo "2308"]
[BlackElo "2228"]

1.d4 d5 2.c4 c6 3.Nf3 Nf6 4.Nc3 a6 5.c5 g6 6.h3 Bg7 7.Bf4 O-O 8.e3 Nbd7 9.Be2 Ne4
10.O-O Nxc3 11.bxc3 e5 12.Bh2 Re8 13.Qb3 f5 14.Bxe5 Bxe5 15.Nxe5 Nxe5 16.dxe5 Rxe5
17.c4 f4 18.cxd5 cxd5 19.Bf3 fxe3 20.fxe3 Rb8 21.c6 Be6 22.cxb7 Qd7 23.Rab1 d4
24.Qb6 dxe3 25.Rbd1 Bd5 26.Rxd5 Rxd5 27.Qb3  1-0

[Event "TCh-POL 1st League"]
[Site "Mrzezyno POL"]
[Date "2011.09.06"]
[Round "4"]
[White "Vovk,Y"]
[Black "Rutkowski,M"]
[Result "1-0"]
[WhiteElo "2577"]
[BlackElo "2388"]

1.d4 d5 2.c4 c6 3.Nf3 Nf6 4.Nc3 a6 5.e3 e6 6.Bd2 c5 7.cxd5 exd5 8.dxc5 Bxc5
9.Qa4+ Nc6 10.Bb5 Bd7 11.Bxc6 Bxc6 12.Qf4 O-O 13.O-O Qb6 14.Rab1 a5 15.Na4 Bxa4
16.Qxa4 Bb4 17.Rfd1 Bxd2 18.Rxd2 Rfc8 19.Qd1 Rc4 20.Nd4 Rac8 21.Ne2 h6 22.Nc3 Qc5
23.h3 Rd8 24.Qf3 a4 25.a3 Rd7 26.Rbd1 Rxc3 27.bxc3 Qxa3  1-0